000
00316nam a22001457a 4500
003
SGT
082
_a
617.522
_b
F24S
100
_a
Singla, Isha
245
_a
Facial Aesthetics
260
_b
SGT University
_c
2024
300
_a
124
650
_a
Oral & Maxillofacial Surgery
653
_a
MDS LD
942
_2
ddc
_c
TH
999
_c
27171
_d
27171